000 00275nam a2200097Ia 4500
001 643329
005 20250826153543.0
008 250824s9999 xx 000 0 und d
245 0 _aDÜNYAYI KURTARMAK İSTER MİSİN
_cSTEPHANE FRATTİNİ - STEPHANE LEDU
260 _bGENÇ TİMAŞ
999 _c643329
_d643329